02172nam a2200289 a 4500003000500000005001700005007001500022008004100037035001100078040000900089100004200098245016100140264004100301300005900342336002800401337003000429338003800459502002600497520115200523650002701675650002201702650002901724650001301753650001901766700004401785856005301829CHAP20240816131516.0cr ||||||a|c|a101022s2010 mx r 00010 spa d a111188 cCHAP1 aCortés Sánchez, Bossuet Gastón.10aEstudio sinecológico de un bosque de encino en Epazoyucan, Estado de Hidlgoc/por Bossuet Gastón Cortés Sánchez; director Diodoro Granados Sánchez 1aChapingo, Méx. :bEl autor,c2010. a1 recurso en línea (72 páginas):bcuadros, figuras 2rdacontentatexto btxt 2rdamedia acomputadorabc 2rdacarrierarecursos en lineabcr bIFcDICIFOd2010gLIC aEl bosque de Quercus en Epazoyucan se caracterizó a través de su composición florística, sus relaciones cuantitativas vegetales, sus factores ambientales mediante un perfil fisionómico que lo determinan. Se identificaron 47 vegetales especies distribuidas en 20 familias botanicas, donde las familias mejor representadas son: Compositae, Gramineae y Polypodiaceae. En este estudio se determinó que es una comunidad poco abierta, de tipo semiárida, predominan las plantas vasculares concentrándose en pendientes iguales o mayores de 30%. Las formas de vida existentes van desde arbustivos hasta arbóreas. Son cinco las especies que determinan la estructura de la comunidad en el siguiente orden: Quercus microphylla, Quercus mexicana, Nolina parviflora, Sedum moranense y Senecio sp. Estas especies marcan los distintos estratos: el arbóreo, dominado por Quercus microphylla y Quercus mexicana (aproximadamente de 7 metros de altura); el arbustivo donde predomina Sedum moranense y Senecio sp. y el herbáceo, con presencia de gramíneas generalmente. El bosque de Quercus se encuentra en ecotonos como el matorral crasicaule.14aÁrbolesxVariedades.14aBosqueszHidalgo.14aProyectosxEvaluación.14aQuercus.14aSinecología.0 aGranados Sánchez, DiódoroeDirector uhttp://10.13.5.2/tesis/111188.pdfzDESCARGAR PDF